Statistiques concernant Pays où Taco Bell est implantés

Cliquez ici pour prendre le quiz!

Statistiques générales

  • Ce quiz a été pris 45 fois
  • Le résultat moyen est 16 sur 30

Statistiques - réponses

NuméroPays% Correct
2États-Unis
100%
9Brésil
90%
1Canada
90%
29Australie
88%
13Royaume-Uni
85%
22Chine
80%
12Espagne
80%
24Japon
80%
11Portugal
78%
30Nouvelle-Zélande
68%
23Corée du Sud
66%
20Inde
66%
28Indonésie
56%
15Pays-Bas
46%
26Philippines
46%
10Chili
44%
8Pérou
41%
6Costa Rica
37%
7Panama
37%
25Thaïlande
37%
14Islande
34%
16Finlande
29%
4Guatemala
29%
27Malaisie
24%
17Roumanie
24%
5Salvador
24%
3République dominicaine
20%
21Sri Lanka
20%
19Koweït
17%
18Chypre
12%

Distribution des résultats

Percentile par nombre de réponses

% des personnes avec chaque résultat

Votre développement - résultats

Vous n’avez pas pris ce quiz